Методические рекомендации по подбору составов битумных эмульсионных мастик гидроизоляционного назначения на твердых эмульгаторах

التفاصيل البيبلوغرافية
مؤلف مشترك: Научно-исследовательский институт строительного производства Госстроя УССР
اللغة:الروسية
منشور في: Киев, НИИСП, 1974
الموضوعات:
التنسيق: MixedMaterials كتاب
KOHA link:https://koha.lib.tpu.ru/cgi-bin/koha/opac-detail.pl?biblionumber=135823

MARC

LEADER 00000nam0a2200000 4500
001 135823
005 20231101220558.0
035 |a (RuTPU)RU\TPU\book\147201 
090 |a 135823 
100 |a 20080415d1974 m y0rusy50 ca 
101 0 |a rus 
102 |a UA 
105 |a a z 001zy 
200 1 |a Методические рекомендации по подбору составов битумных эмульсионных мастик гидроизоляционного назначения на твердых эмульгаторах  |f Научно-исследовательский институт строительного производства Госстроя УССР 
210 |a Киев  |c НИИСП  |d 1974 
215 |a 25 с.  |c ил. 
320 |a Библиогр.: с. 23-24. 
610 1 |a строительство 
610 1 |a мастики 
610 1 |a битумные эмульсии 
610 1 |a эмульгаторы 
610 1 |a гидроизоляционные материалы 
610 1 |a требования 
675 |a 665.45  |v 3 
712 0 2 |a Научно-исследовательский институт строительного производства Госстроя УССР  |2 stltpush  |3 (RuTPU)RU\TPU\col\13847  |9 25798 
801 1 |a RU  |b 63413507  |c 20080415  |g PSBO 
801 2 |a RU  |b 63413507  |c 20090112  |g PSBO 
942 |c BK